| 000 | 00676nam a2200205 i 4500 | ||
|---|---|---|---|
| 001 | 128344 | ||
| 003 | ES-MaACL | ||
| 005 | 20230906193237.0 | ||
| 007 | t| | ||
| 008 | 070702s1887 sp ||||1| spa d | ||
| 080 | _a821.134.2-31"18" | ||
| 100 | 1 |
_aGarcía Vao, Antonio R. _955370 |
|
| 245 | 1 | 3 |
_aEl monaguillo : _b(obra póstuma) / _cAntonio R. García-Vao ; con un prólogo de José Francos Rodríguez. |
| 260 |
_aMadrid : _b[s.n., _cca. 1887] ( _fImp. de G. Osler) |
||
| 300 |
_a89 p. ; _c18 cm. |
||
| 596 | _aFecha tomada del prólogo. | ||
| 700 | 1 |
_aFrancos Rodríguez, José, _d1862-1931 _952286 |
|
| 852 |
_aES-MaACL _jFol-Laf-525 |
||
| 999 |
_c128344 _d128344 |
||